000 00475 a2200181 4500
003 Nust
005 20230721111847.0
040 _cNust
082 _a621.3132,HAN
100 _aHancock, Scott
_9101726
245 _aTheory and construction of direct -current machines /
_cScott Hancock
250 _a1st ed
260 _aBritian
_bU.S.A
_c1945
300 _a68:p
505 _acontents not available
650 _aConstruction of DC Machines
_9113783
942 _2ddc
_cBKB
999 _c180565
_d180565